Famous Dames - Statistics

General Stats
  • This quiz has been taken 72 times
  • The average score is 8 of 12
Answer Stats
Year Clue Dame % Correct
2000 Actress and singer from 'The Sound of Music' Julie Andrews
88%
2020 Singer and Actress who appeared in 'Grease' Olivia Newton-John
88%
1988 Playd 'M' in James Bond Judi Dench
85%
2003 Portrayed 'Elizabeth II' in The Queen Helen Mirren
76%
1971 Wrote 'Death on the Nile' Agatha Christie
74%
1999 Portrayed 'Cleopatra' in 'Cleopatra' Elizabeth Taylor
73%
2000 Sang 'Diamonds Are Forever' in 'James Bond' Shirley Bassey
59%
2017 Editor-in-cheif of Vogue Anna Wintour
56%
2015 Played a leading role in 'Dynasty' Joan Collins
56%
1992 Made modern punk and new wave fashions mainstreem Vivienne Westwood
48%
1969 Wrote 'Rebecca' and 'Jamaica Inn' Daphne Du Maurier
41%
1918 Victorian era singer who died in 1931 Nellie Melba
18%
No matching quizzes found
Score Distribution
Percent of People with Each Score
Percentile by Number Answered
Your Score History
You have not taken this quiz